[Event "54th Rubinstein Memorial-A 2018"]
[Site "Polanica-Zdroj"]
[Date "2018.08.23"]
[Round "6"]
[White "Frolov, Artur"]
[Black "Sabuk, Piotr"]
[Result "0-1"]
[WhiteElo "2420"]
[BlackElo "2377"]
[Annotator "TA"]
[PlyCount "111"]
[EventDate "2018.08.18"]
[EventType "swiss"]
[EventCountry "POL"]
[SourceTitle "playchess.com"]
[Source "ChessBase"]
[SourceQuality "1"]

{[%evp 22,111,43,0,35,28,33,46,74,23,85,0,0,0,454,429,627,620,604,604,610,593,604,604,591,589,531,318,365,390,378,253,561,187,191,194,193,169,274,274,274,274,274,274,268,252,364,274,274,250,250,256,257,225,236,209,224,177,172,188,167,164,283,269,390,369,460,460,422,261,468,292,279,8,8,0,8,0,0,0,8,8,8,8,8,8,8,8,8,8,8,8]} 1. e4 e6 2. d4 d5 3. Nd2 c5 4. exd5 Qxd5 5. Ngf3 cxd4 6. Bc4 Qd6 7. O-O Nf6 8. Nb3 Nc6 9. Nbxd4 Nxd4 10. Nxd4 a6 11. Re1 Qc7 12. Bf1 {LiveBook: 64 Games. C07: French Tarrasch: 3...c5, 4 Ngf3 and 4 exd5 Qxd5} (12. Qe2 Bc5 13. c3 O-O 14. Bg5 b5 15. Bd3 Nd5 16. Qh5 g6 17. Qh4 Bb7 18. a4 bxa4 19. Rxa4 Rfe8 20. Nf3 {1-0 (29) Wei,Y (2729)-So,W (2780) chess.com INT 2018}) 12... Bd7 13. Qf3 Bd6 $146 ({Predecessor:} 13... O-O-O 14. Bf4 Bd6 15. Bxd6 Qxd6 16. Rad1 Qc7 17. Rd3 Kb8 18. Rc3 Qd6 19. Rb3 Bc8 20. Nc6+ Kc7 21. Nxd8 Rxd8 22. Rd3 Qe7 23. Qg3+ Kb6 24. Rxd8 Qxd8 25. Qxg7 Qd2 26. Qxf6 {1-0 (26) Vykouk,J (2428)-Matras,O (2241) Prague 2016}) 14. Nf5 {White is slightly better.} Bxh2+ 15. Kh1 Rg8 (15... O-O $11 16. Nxg7 Be5) 16. Qa3 (16. Bg5 $1 $16) 16... Bc6 $11 17. f4 $36 {[%mdl 2048] White is pushing.} Ne4 $2 {[%mdl 8192]} (17... Ng4 18. Be2 $14) (17... Rd8 $1 $11) 18. Rxe4 $1 $18 Bxe4 (18... Rd8 $142) 19. Nd6+ Kd7 20. Nxe4 Bxf4 21. Bxf4 Qxf4 {[#]} 22. Rd1+ $1 Kc8 23. Nd6+ Kb8 24. g3 Qe5 {And now ...Qh5+ would win.} 25. Qf3 {[%csl Gd6][%cal Rf3b7]} Ra7 26. Bg2 b5 $2 (26... Qf6 27. Qe2 (27. Nxf7 b6 $16) 27... Qh6+ 28. Kg1 Qg5 29. Nxf7 Qxg3 30. Qxe6 Rc8) 27. Nxf7 $2 (27. Rd3 {White wants to mate with Qc6.} Qc5 28. Nb7) 27... Qf5 {[#] aiming for ...Qxf3.} 28. Nd8 $1 {[%cal Rd8c6]} Qxf3 29. Bxf3 {Black must now prevent Nc6+.} Kc8 (29... Rc7 {was necessary.}) 30. Nxe6 Rd7 31. Rxd7 Kxd7 32. Nc5+ Kd6 33. Nxa6 Ke5 (33... Re8 {was worth a try.} 34. Kg2 h6) 34. Nb4 Kd4 35. Kg2 Ke3 36. Bc6 Rb8 37. c3 h5 38. a3 Kd2 39. a4 bxa4 40. Bxa4 g5 41. Kh3 Ke1 (41... h4 $142 42. gxh4 Rh8) 42. Bc2 Rb6 (42... Ke2 $142 43. Bg6 Rh8) 43. Bf5 Kf2 44. Nd3+ Kf3 45. c4 Ra6 $2 (45... Rf6 {keeps fighting.}) 46. Be4+ Ke3 47. Kg2 $2 ({White should play} 47. Nc5 $18 Rb6 48. Bd5) 47... Ra4 $11 {The position is equal.} 48. Bg6 Rxc4 49. Nf2 h4 50. gxh4 Rxh4 (50... gxh4 {is more complex.} 51. Nd1+ Kf4 52. Nc3 Kg4 53. Bf7 h3+) 51. Kg3 Rb4 52. Bf7 Kd2 53. b3 Kc2 54. Ne4 Rxe4 55. Bg6 Kxb3 {...Rd4 is the strong threat.} 56. Bxe4 {[%mdl 32768] Precision: White = 62%, Black = 46%. . Loss on Time!?} 0-1

[Event "54th Rubinstein Memorial-A 2018"]
[Site "Polanica-Zdroj"]
[Date "2018.08.23"]
[Round "6"]
[White "Manik, Mikulas"]
[Black "Psyk, Radoslaw"]
[Result "1/2-1/2"]
[WhiteElo "2408"]
[BlackElo "2304"]
[Annotator "TA"]
[PlyCount "117"]
[EventDate "2018.08.18"]
[EventType "swiss"]
[EventCountry "POL"]
[SourceTitle "playchess.com"]
[Source "ChessBase"]
[SourceQuality "1"]

{[%evp 15,117,27,28,-83,-77,-62,-63,-52,-19,-61,-55,-87,-90,-98,-90,-97,-82,-91,-78,-83,-47,-46,-50,-53,0,0,0,0,0,0,0,0,0,0,0,0,0,0,0,0,0,0,0,0,0,0,0,0,0,0,0,0,0,0,51,51,52,49,50,21,52,18,40,40,43,12,47,47,47,47,47,47,81,37,42,13,11,15,20,20,43,0,0,0,0,0,0,0,0,0,0,0,0,0,0,0,0,0,0,0,0,0,0,0]} 1. e4 c5 2. Nf3 e6 3. d4 cxd4 4. Nxd4 Nc6 5. Nc3 Qc7 6. Be3 a6 7. Qf3 {B48: Sizilianisch (Paulsen-Variante)} Nf6 8. O-O-O Be7 {LiveBook: 83 Partien} (8... Ne5 9. Qg3 b5 10. a3 Bb7 11. Bxb5 Rc8 12. Ba4 Nxe4 13. Nxe4 Bxe4 14. Bf4 Qc4 15. Bxe5 Qxa4 {1-0 (38) Vachier Lagrave,M (2789)-Anand,V (2776) Karlsruhe/Baden-Baden 2018}) 9. Bf4 $146 (9. Be2 $11) ({Vorgänger:} 9. Be2 O-O 10. Qg3 d6 11. h4 Kh8 12. h5 h6 13. Kb1 Nxd4 14. Rxd4 b5 {½-½ (57) Cheparinov,I (2688)-Zeng,C (2536) China 2017}) 9... e5 $17 10. Bg3 Nxd4 {[#]} 11. Rxd4 $1 {[%mdl 512]} d6 (11... exd4 12. Bxc7) 12. Rd2 b5 {[%cal Bb7b5,Bb5b4][%mdl 32]} 13. Bh4 b4 $1 {[%cal Rb4c3]} 14. Nd1 {[#]} Be6 $1 15. Bxf6 Bxf6 16. Kb1 Bg5 17. Ne3 O-O 18. h4 Bxe3 19. Qxe3 Qa5 ({Besser ist} 19... a5 $15) 20. b3 $11 Rfc8 21. Rxd6 Rxc2 22. Kxc2 Qc7+ 23. Bc4 Qxd6 24. Rd1 Qc7 25. Qd3 h6 26. Kb2 Bxc4 27. Qxc4 {[%mdl 4096] Endspiel KDT-KDT} Qb6 28. Rd2 a5 29. h5 Qa7 30. Qc6 Rf8 31. g3 Qe7 32. Qd5 Qg5 33. Rc2 Qg4 34. Qxe5 Qd1 ({Lieber} 34... Rc8 $11) 35. Qd5 $14 Qe1 36. Qxa5 Qxe4 37. Rd2 Re8 38. f4 Kh7 39. Qc5 Qe1 40. Rc2 ({Nur nicht} 40. Qxb4 $2 {[#]} Rd8 $3 $19 {[%mdl 512]}) 40... Qe4 41. Qc4 {Dxe4+ ist eine echte Drohung.} Qb7 42. Re2 Rxe2+ 43. Qxe2 {KD-KD} Qa8 44. g4 Kg8 45. Qf2 Qc8 46. Qf3 Qd8 47. a4 Qd4+ 48. Kc2 Qc5+ $1 {Die Stellung ist ausgeglichen.} 49. Kd2 {Und Da8+ würde nun gewinnen.} Qd4+ 50. Ke2 Qb2+ $1 51. Kf1 {Schwarz muss nun Da8+ beachten.} Qc1+ 52. Kg2 {Droht Da8+ und aus.} Qd2+ 53. Kh3 Qc3 54. Qg3 f6 55. Kh4 Qd2 56. Kh3 Qc3 57. f5 Kh7 58. Kh4 Qc1 59. Qf2 {Precision: Weiß = 63%, Schwarz = 75%.} 1/2-1/2

[Event "54th Rubinstein Memorial-A 2018"]
[Site "Polanica-Zdroj"]
[Date "2018.08.23"]
[Round "6"]
[White "Nurkiewicz, Maciej"]
[Black "Lewtak, Damian"]
[Result "1/2-1/2"]
[WhiteElo "2371"]
[BlackElo "2369"]
[Annotator "TA"]
[PlyCount "134"]
[EventDate "2018.08.18"]
[EventType "swiss"]
[EventCountry "POL"]
[SourceTitle "playchess.com"]
[Source "ChessBase"]
[SourceQuality "1"]

{[%evp 34,134,28,29,38,20,27,36,43,33,47,54,55,49,106,94,102,97,119,96,95,101,110,65,66,72,70,79,76,62,76,83,76,84,81,83,85,83,100,35,36,35,35,0,0,0,0,0,14,0,35,39,49,49,49,49,62,62,68,59,66,62,61,61,73,71,70,70,74,74,74,75,74,73,73,69,68,59,58,45,45,45,79,68,55,25,29,14,14,14,14,14,16,20,154,154,154,154,158,154,154,154,238]} 1. e4 c5 2. Nf3 e6 3. d4 cxd4 4. Nxd4 Nc6 5. Nb5 d6 6. c4 Nf6 7. N1c3 a6 8. Na3 Be7 9. Be2 O-O 10. O-O b6 11. Be3 Bb7 12. f3 Ne5 13. Qd4 Ned7 14. Rfd1 Re8 15. Nc2 Rc8 16. Rac1 Qc7 17. Qd2 Qb8 18. Kh1 {LiveBook: 3 Partien} Bf8 {B44: Sizilianisch (Paulsen/Taimanow-Variante)} (18... Bd8 19. Qe1 d5 20. cxd5 exd5 21. exd5 b5 22. Qf2 Qd6 23. a3 Nb6 24. Nb4 Nfxd5 25. Ncxd5 {½-½ (25) Kramnik,V (2744)-Svidler,P (2738) Dortmund 2005}) 19. Bf4 {[%cal Rf4d6]} Ne5 20. b3 $146 ({Vorgänger:} 20. Ne3 h6 21. Qd4 Nh5 22. Bxe5 dxe5 23. Qd2 Bc6 24. a3 Bc5 25. Bf1 Red8 26. Qe1 {0-1 (49) Ozkara,H (1450)-Yurtseven,M (1998) Antalya 2011}) 20... Red8 {Weiß steht etwas besser.} 21. Qe3 Nfd7 22. Bg3 Ng6 23. Rd2 {[%cal Bd1d2,Bd2c2,Bc2b2][%mdl 32]} e5 (23... Qc7 $14) 24. Nb4 a5 25. Nbd5 Bc6 26. Rdc2 Nc5 27. Rb1 Rd7 28. b4 axb4 29. Rxb4 Rb7 30. Rcb2 {[%cal Rd5b6]} Qa7 31. Nxb6 (31. Qd2 {looks sharper.} Rcb8 32. Nb5 Qa5 33. Qd1 h6 34. Be1) 31... Rcb8 {[%cal Rb7b6] [#]} 32. Nbd5 $1 Bxd5 33. Nxd5 Rxb4 34. Rxb4 Rxb4 35. Nxb4 Qa4 36. a3 (36. Qd2 $16) 36... Nf4 $14 37. Bxf4 exf4 38. Qc3 g6 39. Nd5 Bg7 40. Qc1 Qb3 (40... Qa5 {keeps more tension.} 41. Nxf4 Bh6 42. g3 Ne6 43. c5 dxc5 44. Bc4 Nxf4 45. gxf4 Qd8) 41. Nxf4 Bb2 (41... Bh6 {is more complex.} 42. g3 Qa2 43. Bf1 Ne6 44. Kg1 Nxf4 45. gxf4 Bg7) 42. Qd1 Qxd1+ 43. Bxd1 Bxa3 {[%mdl 4096] Endspiel KLS-KLS} 44. g3 g5 45. Nd5 Kg7 46. Bc2 Nd7 47. Kg2 Bc5 48. Bd3 Nb6 49. Ne7 Kf6 50. Nf5 Nc8 51. f4 gxf4 52. gxf4 Ne7 53. Ng3 Ba3 54. Kf3 Ng6 55. Kg4 Bc1 56. Ne2 Bd2 57. Bc2 Nf8 58. h4 Ne6 59. e5+ dxe5 60. fxe5+ Kxe5 61. Bxh7 Nd4 62. Ng3 Be1 63. h5 {[%cal Bh4h5,Bh5h6][%mdl 32] zielt auf h6 ab.} f5+ (63... Bd2 $11) 64. Nxf5 $16 {Weiß steht deutlich besser.} Nxf5 65. Bxf5 Kf6 66. h6 Bb4 67. Be4 Ba5 {Precision: Weiß = 51%, Schwarz = 50%.} (67... Bc5 $16) 1/2-1/2

[Event "54th Rubinstein Memorial-A 2018"]
[Site "Polanica-Zdroj"]
[Date "2018.08.23"]
[Round "6"]
[White "Djuric, Stefan"]
[Black "Jaskolka, Tomasz"]
[Result "1-0"]
[WhiteElo "2352"]
[BlackElo "2165"]
[Annotator "TA"]
[PlyCount "59"]
[EventDate "2018.08.18"]
[EventType "swiss"]
[EventCountry "POL"]
[SourceTitle "playchess.com"]
[Source "ChessBase"]
[SourceQuality "1"]

{[%evp 14,59,13,0,20,24,57,35,26,21,85,74,97,103,97,97,152,116,149,133,132,102,289,275,275,290,400,393,407,407,499,491,466,508,502,509,612,585,989,950,1438,749,742,724,854,792,771,715]} 1. e4 e6 2. Qe2 c5 3. Nf3 Nc6 4. g3 g6 5. Bg2 Bg7 6. O-O Nge7 7. c3 d5 {C00: French: Unusual White 2nd moves} (7... O-O 8. Na3 d6 9. Nc2 e5 10. b4 h6 11. b5 Na5 12. d4 exd4 13. cxd4 Be6 14. Rd1 Bc4 15. Qe1 Bxb5 16. dxc5 {0-1 (50) Adhiban,B (2672)-Sadorra,J (2575) Chengdu 2017 CBM 179 [Sadorra,J]}) 8. e5 {LiveBook: 5 Games} g5 9. Nxg5 Bxe5 $146 {White has an edge.} ({Predecessor:} 9... Nxe5 10. f4 N5c6 11. Qh5 Ng6 12. d3 Nce7 13. Nd2 h6 14. Ngf3 Qc7 15. Re1 {1-0 (40) Firman,N (2261)-Zozulia,A (2360) Sevastopol 2000}) 10. d3 h6 11. Nf3 Bd6 (11... Bg7 $11) 12. Na3 {[%cal Bb1a3,Ba3c2,Bc2e3,Be3g4][%mdl 32]} a6 13. Nc2 Bd7 14. b4 b6 (14... cxb4 $142 15. Nxb4 Nxb4 16. cxb4 Ba4) 15. Rb1 Qc7 16. bxc5 bxc5 17. Ne3 Ne5 $2 {[#]} (17... f5 $16) 18. Nxe5 Bxe5 19. c4 Bc6 20. cxd5 exd5 21. Ng4 Bg7 22. Re1 {White is clearly winning.} Kf8 23. Bf4 Qd7 24. Ne5 Qe6 25. Nxc6 Nxc6 26. Qh5 Qd7 27. Qxd5 Qxd5 28. Bxd5 Rc8 29. Bxc6 Bc3 30. Rec1 {Precision: White = 57%, Black =  9%.} 1-0

[Event "54th Rubinstein Memorial-A 2018"]
[Site "Polanica-Zdroj"]
[Date "2018.08.23"]
[Round "6"]
[White "Kucza, Karol"]
[Black "Adamczewski, Maciej"]
[Result "1-0"]
[WhiteElo "2342"]
[BlackElo "2061"]
[Annotator "TA"]
[PlyCount "61"]
[EventDate "2018.08.18"]
[EventType "swiss"]
[EventCountry "POL"]
[SourceTitle "playchess.com"]
[Source "ChessBase"]
[SourceQuality "1"]

{[%evp 25,61,-8,0,-39,-40,-48,-4,-48,-42,-59,-39,-95,8,0,0,64,0,15,260,258,246,243,314,293,308,292,275,208,452,282,277,271,1077,1069,29974,29975,5202,1988]} 1. e4 e6 2. d4 d5 3. Nc3 Nf6 4. e5 Nfd7 5. f4 c5 6. Nf3 Nc6 7. Be3 Be7 8. Qd2 O-O 9. dxc5 Qa5 {C11: French: Classical System: 4 e5 and 4 Bg5 dxe4} 10. O-O-O b6 {[%cal Bb7b6,Bb6c5,Bc5b4][%mdl 32]} 11. Bb5 Nb4 12. a3 bxc5 13. Bxd7 Bxd7 {LiveBook: 8 Games} 14. axb4 (14. f5 $5) 14... cxb4 15. Nb1 Rfc8 16. Nd4 Qa2 17. f5 exf5 {[#]} (17... Ba4 $5 {[%cal Re7c5]} 18. fxe6 fxe6 $11) 18. Rhf1 $146 {[#]} (18. Qd3 $15 Bc5 19. Rhf1) 18... Rc7 (18... a5 $1 $17) 19. Nxf5 (19. Qd3 $11) 19... Bxf5 $14 20. Rxf5 Rac8 {Hoping for ...Qb3.} 21. Rf2 Qb3 $2 (21... h6 $1 $11) 22. Qd3 $18 Qa4 23. Rdd2 Qa2 24. Qf5 d4 25. Bxd4 g6 26. Qf4 Qb3 $2 (26... a5 27. Rde2 Qe6) 27. e6 Qxe6 {[#] ( -> ...Rxc2+!)} 28. Qe5 {[%csl Gd4][%cal Re5h8]} Rxc2+ $2 (28... Qxe5 29. Bxe5 Rc5) 29. Rxc2 {[%csl Gd4][%cal Re5h8]} Bg5+ 30. Kd1 {[%csl Gd4][%cal Re5h8]} Qg4+ 31. Rfe2 {Precision: White = 49%, Black = 32%.} 1-0

[Event "54th Rubinstein Memorial-A 2018"]
[Site "Polanica-Zdroj"]
[Date "2018.08.23"]
[Round "6"]
[White "Nowak, Kamil"]
[Black "Kozak, Antoni"]
[Result "1/2-1/2"]
[WhiteElo "2313"]
[BlackElo "2157"]
[Annotator "TA"]
[PlyCount "84"]
[EventDate "2018.08.18"]
[EventType "swiss"]
[EventCountry "POL"]
[SourceTitle "playchess.com"]
[Source "ChessBase"]
[SourceQuality "1"]

{[%evp 25,84,-4,-16,-3,-16,-52,-56,-118,-107,-109,-139,-122,-104,-178,-88,-198,-133,-351,-346,-356,-333,-355,-288,-388,-366,-350,-201,-336,-312,-486,-270,-284,-168,-168,-168,-169,-171,-177,-151,-168,-83,-84,-86,-87,-52,-87,-80,-80,-80,-80,-79,-80,-80,-79,-79,-80,-27,-65,-67,-58,0]} 1. e4 c5 2. Nf3 e6 3. d4 cxd4 4. Nxd4 Nc6 5. Nb5 d6 6. c4 a6 7. N5c3 Nf6 8. Be2 Be7 9. O-O O-O 10. Be3 b6 11. Na3 Bb7 12. Qb3 {B44: Sizilianisch (Paulsen/Taimanow-Variante)} Ne5 (12... Nd7 13. Rac1 Rb8 14. Rfd1 Nc5 15. Qc2 Nb4 16. Qd2 Qc8 17. b3 Rd8 18. Nab1 d5 19. Nxd5 exd5 20. Qxb4 dxe4 21. Qxb6 Nd3 22. Rc2 Bd5 23. Qa7 Bc6 24. Qxe7 {1-0 (24) Ivanchuk,V (2747)-Najer,E (2679) Doha 2016}) 13. Bxb6 Qd7 {LiveBook: 7 Partien} 14. f4 $146 {Die Stellung ist ausgeglichen.} ({Vorgänger:} 14. Bd4 Nxe4 15. Nxe4 Bxe4 16. Qc3 f6 17. f3 Bb7 18. f4 Nc6 19. Be3 f5 {½-½ (64) Velicka,P (2435)-Papp,G (2583) Germany 2016}) 14... Ng6 $1 15. Bd3 Rab8 16. Ba7 (16. Qc2 $15) 16... Bxe4 $1 $17 17. Bxb8 Bxd3 18. Rf3 Bf5 19. h3 (19. Re1 $17) 19... Ne4 (19... Nh4 $19 20. Rf2 d5) 20. Rd1 (20. Qb6 $17) 20... Nh4 (20... Qc6 $1 $19 21. Nxe4 Bxe4) 21. Rff1 $2 (21. Nxe4 $17 Bxe4 22. Rf2) 21... Nxc3 $19 22. bxc3 Qc8 (22... Qc6 $2 23. Rf2 $17) 23. g3 Bxh3 ({Weniger gut wäre} 23... Qxb8 24. Qxb8 Rxb8 25. gxh4 $19) 24. Rf2 Nf5 ({Schwächer ist} 24... Qxb8 25. Qxb8 Rxb8 26. gxh4 $17) 25. Ba7 Bg4 (25... Nxg3 $2 26. Kh2 $19) ({Keinesfalls} 25... Qa8 26. Qb6 $19) (25... e5 $142 26. Re1 Nxg3) 26. Rd3 (26. Rb1 $142) 26... Qa8 27. Bd4 {[#]} (27. Qb6 $142) 27... Rb8 (27... e5 $142 $1 {[%mdl 512]} 28. Bb6 (28. fxe5 dxe5) 28... Rb8) 28. Qc2 Nxd4 (28... h5 $142 {Droht ...e5! und aus.} 29. Rh2 {[#]} e5 $1 {[%mdl 512]}) 29. cxd4 Bf5 30. Qd2 Bxd3 31. Qxd3 g6 32. Nb1 d5 (32... Qc6 $19 {ist viel giftiger.} 33. Nd2 Bf6) 33. c5 $17 Qb7 34. Nd2 Kf8 35. Rf1 Qb5 36. Qe3 Bf6 {Und ...Da4 würde nun gewinnen.} 37. Rb1 Qe8 {Weiss muss nun ...Txb1+ beachten.} 38. Rb3 Rxb3 39. axb3 Qb5 40. Nf3 Ke7 (40... Qa5 $17 41. g4 h5) 41. Kg2 h5 42. Ne5 Bxe5 {Precision: Weiß = 38%, Schwarz = 52%.} (42... a5 $15) 1/2-1/2

[Event "54th Rubinstein Memorial-A 2018"]
[Site "Polanica-Zdroj"]
[Date "2018.08.23"]
[Round "6"]
[White "Reza, Wojciech"]
[Black "Mazalon, Mariusz"]
[Result "1-0"]
[WhiteElo "2303"]
[BlackElo "2055"]
[Annotator "TA"]
[PlyCount "29"]
[EventDate "2018.08.18"]
[EventType "swiss"]
[EventCountry "POL"]
[SourceTitle "playchess.com"]
[Source "ChessBase"]
[SourceQuality "1"]

{[%evp 13,29,70,53,62,81,57,124,38,49,39,37,36,39,39,459,414,496,492]} 1. e4 c5 2. Nf3 g6 3. d4 Bg7 4. dxc5 Qa5+ 5. c3 Qxc5 6. Na3 {B27: Sicilian: 2 Nf3, unusual Black 2nd moves} Nc6 (6... Nf6 7. Be3 Qa5 8. Nc4 Qc7 9. e5 Ng4 10. Bf4 b5 11. Ne3 Nxe3 12. fxe3 e6 13. Bxb5 Qb6 {½-½ (32) Nepomniachtchi,I (2705)-Guseinov,G (2649) Ashdod 2015}) 7. Nb5 Qb6 $1 {LiveBook: 5 Games} 8. Bc4 {[#] Threatens to win with Be3.White is slightly better.} d6 9. O-O $146 ({Predecessor:} 9. Be3 Qa5 10. Qb3 Nf6 11. Bxf7+ Kf8 12. Ng5 Ne5 13. f4 Nd3+ {½-½ (40) Erlank,W-Southey,A (1859) Port Elizabeth 2013}) 9... Nf6 (9... a6 $14) 10. e5 ({Better is} 10. Be3 $16 Qd8 11. e5) 10... Nxe5 $14 11. Nxe5 dxe5 12. Be3 Qc6 13. Qb3 $1 b6 $2 {[%mdl 8192] [#]} (13... O-O $14) 14. Nxa7 $1 $18 {[%mdl 512]} Rxa7 15. Bb5 1-0

[Event "54th Rubinstein Memorial-A 2018"]
[Site "Polanica-Zdroj"]
[Date "2018.08.23"]
[Round "6"]
[White "Kumala, Aleksander"]
[Black "Luberanski, Jakub"]
[Result "0-1"]
[WhiteElo "2238"]
[BlackElo "1763"]
[Annotator "TA"]
[PlyCount "96"]
[EventDate "2018.08.18"]
[EventType "swiss"]
[EventCountry "POL"]
[SourceTitle "playchess.com"]
[Source "ChessBase"]
[SourceQuality "1"]

{[%evp 10,96,8,0,45,43,54,40,77,73,106,81,111,106,145,75,140,133,145,140,168,167,157,-107,-85,-114,-118,-126,-79,-104,-52,-153,-122,-120,-108,-157,-158,-229,-223,-609,-598,-555,-569,-591,-552,-734,-713,-712,-471,-462,-464,-469,-468,-465,-461,-462,-439,-440,0,-440,-439,-420,-108,-435,-443,-425,-402,-752,-746,-721,-698,-1119,-1065,-29955,-29958,-29975,-29976,-29975,-29973,-29977,-29978,-29978,-29979,-29984,-11933,-29990,-29986,-29987,-29984]} 1. d4 Nf6 2. Bg5 Ne4 3. h4 d5 4. Nd2 Bf5 5. Nxe4 Bxe4 6. f3 {LiveBook: 38 Games} Bg6 {A45: Trompowsky Attack} (6... h6 7. Bf4 Bh7 8. e3 e6 9. Bd3 Bxd3 10. Qxd3 c5 11. dxc5 Bxc5 12. Bxb8 Qa5+ 13. c3 Rxb8 14. b4 {½-½ (22) Ivanisevic,I (2658)-Rapport,R (2649) Bar 2015}) 7. h5 Bf5 $146 ({Predecessor:} 7... Qd6 8. Be3 Bf5 9. g4 Bd7 10. Qd2 Nc6 11. O-O-O O-O-O 12. Bf4 Qb4 13. Qxb4 Nxb4 14. a3 {½-½ (70) Kiwitter,J (1400)-Eberhard,J (1960) St Ingbert 1988}) 8. g4 Bc8 {White is slightly better.} 9. Qd2 c6 10. e3 Qb6 11. O-O-O Bd7 12. c4 (12. h6 $142) 12... Na6 (12... Qa6 $142) 13. Kb1 $16 f6 14. Bf4 dxc4 15. Bxc4 O-O-O 16. d5 $2 (16. Qc2 $16 {keeps the pressure on.}) 16... cxd5 $1 $17 17. Bxd5 e5 18. Bg3 Bc5 {Hoping for ...Ba4.} 19. h6 g6 ({Black should play} 19... gxh6 $17 20. e4 (20. Rxh6 Nc7 $17) 20... Nb4) 20. Qc3 ({Better is} 20. e4 $1 $15) 20... Nc7 21. e4 Ba4 22. Rc1 Be3 $1 $36 {[%cal Re3c1][%mdl 2048] White is under strong pressure.} 23. Ne2 (23. Nh3 $17 {is a better defense.}) 23... Kb8 $1 $19 ({Don't play} 23... Bxc1 24. Rxc1 Kb8 25. Qd2) 24. f4 $2 (24. Qxc7+ Qxc7 25. Rxc7 Kxc7 26. Nc3) 24... Nxd5 25. exd5 Rc8 26. Qa3 {And now Rxc8+ would win.} Bxc1 27. Rxc1 Rxc1+ 28. Nxc1 Qg1 29. fxe5 {[#]} Bc2+ $1 {[%mdl 512]} 30. Kxc2 Rc8+ 31. Kd2 Qxc1+ {[%mdl 4096] Endgame KQR-KQB} 32. Kd3 Qc4+ 33. Ke3 {e6+ is the strong threat.} Qc1+ 34. Kd3 $1 Qf1+ 35. Ke3 Qg1+ $2 ({But not} 35... Qc1+ 36. Kf3 $19) (35... fxe5 $19 {has better winning chances.} 36. Qd6+ Ka8 37. Qxe5 g5 $1 {[%mdl 512]}) 36. Kf3 $2 {[%mdl 8192]} (36. Bf2 $17 {was the crucial defense.} Qxg4 37. Qd6+ Ka8 38. Qxf6) 36... Qh1+ 37. Ke3 Qxh6+ ({Don't do} 37... Qc1+ 38. Kd3 $19) 38. Bf4 (38. Kd3 $142 fxe5 39. Qe7) 38... Qh3+ 39. Kd4 Qxg4 40. Qd6+ Ka8 41. exf6 g5 {[%cal Bg6g5,Bg5f4][%mdl 32]} 42. f7 Qxf4+ 43. Qxf4 gxf4 {KR-KP} 44. d6 Rf8 45. d7 Kb8 46. Ke5 Kc7 (46... f3 $142 47. Kd6 f2 48. Ke7 {[#]} Rxf7+ $1 {[%mdl 512]} 49. Kxf7 f1=Q+ 50. Kg7 Kc7 51. Kh6 Qb1 52. d8=Q+ Kxd8 53. Kg5 Qxa2 54. b4 Qd2+ 55. Kg4 Qxb4+ 56. Kf3 a5 57. Ke2 a4 58. Ke3 a3 59. Kf2 a2 60. Kg3 a1=Q 61. Kg2 Qg4+ 62. Kh2 Qag1#) 47. Ke6 {[#]} Rxf7 $1 48. Kxf7 Kxd7 {Precision: White = 31%, Black = 48%.} 0-1

[Event "54th Rubinstein Memorial-A 2018"]
[Site "Polanica-Zdroj"]
[Date "2018.08.23"]
[Round "6"]
[White "Bukojemski, Adam"]
[Black "Betkowski, Andrzej"]
[Result "1-0"]
[WhiteElo "2233"]
[BlackElo "2041"]
[Annotator "NA RC"]
[PlyCount "75"]
[EventDate "2018.08.18"]
[EventType "swiss"]
[EventCountry "POL"]
[SourceTitle "playchess.com"]
[Source "ChessBase"]
[SourceQuality "1"]
[TimeControl "40/5400+30:1800+30"]

1. e4 e6 2. d4 d5 3. Nc3 Bb4 4. e5 c5 5. a3 Bxc3+ 6. bxc3 Qa5 7. Bd2 Qa4 8. Nf3 b6 9. Qb1 Ba6 10. Qb3 Qc6 11. c4 $15 Ne7 12. cxd5 exd5 13. Bxa6 Nxa6 14. O-O Nc7 15. c4 O-O 16. dxc5 bxc5 17. cxd5 Nexd5 18. Rab1 Ne6 19. Rfc1 Rfc8 20. Rc4 Nb6 21. Rh4 c4 22. Qc2 g6 23. Rc1 Qd5 24. a4 Qd8 25. h3 Rc6 26. Rd1 Qc7 27. Bc3 Rd8 28. Nd4 Nxd4 29. Rhxd4 Rxd4 30. Rxd4 Nd7 31. Qd2 Nc5 32. Rxc4 Ne4 33. Rxc6 Qxc6 34. Qd8+ Kg7 35. Bd4 Qc1+ 36. Kh2 Qf4+ 37. g3 Nxg3 38. Qf6+ 1-0